[Event "ESP-chT CECLUB Honor"]
[Site "Linares"]
[Date "2015.08.17"]
[Round "3.2"]
[White "Rodshtein, Maxim"]
[Black "Cacho Reigadas, Sergio"]
[Result "1-0"]
[WhiteElo "2678"]
[BlackElo "2512"]
[PlyCount "105"]
[EventDate "2015.08.15"]
[EventType "team-tourn"]
[EventRounds "7"]
[EventCountry "ESP"]
[SourceTitle "EXT 2016"]
[Source "ChessBase"]
[SourceDate "2015.10.08"]
[SourceVersion "1"]
[SourceVersionDate "2015.10.08"]
[SourceQuality "1"]
[WhiteTeam "Sestao Fundacion EDP"]
[BlackTeam "Solvay"]
[WhiteTeamCountry "ESP"]
[BlackTeamCountry "ESP"]

1. d4 Nf6 2. c4 e6 3. Nc3 d5 4. cxd5 exd5 5. Bg5 c6 6. e3 Be7 7. Qc2 Nbd7 8. Bd3 Nh5 9. Bxe7 Qxe7 10. Nge2 g6 11. 0-0 Ndf6 12. Qd2 0-0 13. f3 c5 14. dxc5 Qxc5 15. Nd4 Ng7 16. Rac1 Ne6 17. Nce2 Qb6 18. Rc3 Qa5 19. Nb3 Qb6 20. Nbd4 Qa5 21. Nb3 Qb6 22. Ned4 Bd7 23. Nxe6 Bxe6 24. Rfc1 Qd6 25. Rc7 Rfb8 26. Bb5 a6 27. Bf1 Ne8 28. R7c3 Rd8 29. Rc5 d4 30. Qxd4 Qb6 31. Qc3 Rac8 32. Rxc8 Rxc8 33. Qd2 Rd8 34. Nd4 Nf6 35. b3 Nd5 36. Rd1 Ne7 37. Qe1 Nc6 38. Qc3 Qb4 39. Qxb4 Nxb4 40. Rd2 a5 41. Kf2 f6 42. Bb5 Bf7 43. a3 Na6 44. Bxa6 bxa6 45. Rc2 Rb8 46. Rc3 f5 47. Ke2 Rb6 48. Kd3 a4 49. b4 Be8 50. Rc8 Kf8 51. Kc4 Rf6 52. Rc7 Kg8 53. Kd5 1-0

[Event "Palmanova Blau Escacs op 1st"]
[Site "Palmanova"]
[Date "2015.04.17"]
[Round "7"]
[White "Eggleston, David"]
[Black "Cacho Reigadas, Sergio"]
[Result "0-1"]
[WhiteElo "2424"]
[BlackElo "2519"]
[PlyCount "118"]
[EventDate "2015.04.11"]
[EventType "swiss"]
[EventRounds "9"]
[EventCountry "ESP"]
[SourceTitle "CBM 166 Extra"]
[Source "ChessBase"]
[SourceDate "2015.06.18"]
[SourceVersion "1"]
[SourceVersionDate "2015.06.18"]
[SourceQuality "1"]

1. e4 g6 2. d4 Bg7 3. Nc3 c6 4. Nf3 d6 5. Be3 Nf6 6. Qd2 b5 7. Bd3 Nbd7 8. h3 Qc7 9. 0-0 0-0 10. Rfd1 Bb7 11. b4 a6 12. Bh6 c5 13. Bxg7 Kxg7 14. bxc5 b4 15. Na4 Nxe4 16. Qxb4 dxc5 17. dxc5 Nexc5 18. Nxc5 Nxc5 19. Qc3+ Kg8 20. Ne5 Rac8 21. Bf1 Ne4 22. Qxc7 Rxc7 23. c4 Bc8 24. Re1 Nc5 25. Rab1 Rd8 26. Rb6 Rd2 27. a3 Be6 28. Rc6 Rxc6 29. Nxc6 Kf8 30. Rb1 Ra2 31. Rb8+ Kg7 32. g4 Rxa3 33. Nxe7 Ne4 34. Bg2 Ng5 35. Kh2 Bxc4 36. f4 Nf3+ 37. Bxf3 Rxf3 38. g5 f6 39. Rb4 Bb5 40. h4 Rd3 41. Nc8 f5 42. Na7 Rd5 43. Nc8 Kf7 44. Na7 Rc5 45. Nxb5 axb5 46. Rb3 Ke6 47. Re3+ Kd7 48. h5 b4 49. h6 Rb5 50. Rb3 Kd6 51. Kg3 Kc5 52. Kf2 Kc4 53. Rb1 b3 54. Rc1+ Kd3 55. Rd1+ Kc2 56. Rd7 b2 57. Rxh7 b1Q 58. Rc7+ Kd3 59. h7 Rb2+ 0-1

[Event "EU-Cup 30th"]
[Site "Bilbao"]
[Date "2014.09.17"]
[Round "4.2"]
[White "Cacho Reigadas, Sergio"]
[Black "Morozevich, Alexander"]
[Result "1/2-1/2"]
[WhiteElo "2511"]
[BlackElo "2731"]
[PlyCount "144"]
[EventDate "2014.09.14"]
[EventType "team-swiss"]
[EventRounds "7"]
[EventCountry "ESP"]
[SourceTitle "CBM 163"]
[Source "ChessBase"]
[SourceDate "2014.11.11"]
[SourceVersion "1"]
[SourceVersionDate "2014.11.11"]
[SourceQuality "1"]
[WhiteTeam "Solvay"]
[BlackTeam "SHSM-64"]
[WhiteTeamCountry "ESP"]
[BlackTeamCountry "RUS"]

1. d4 Nf6 2. Bf4 g6 3. e3 Bg7 4. Nf3 d6 5. Be2 0-0 6. 0-0 Nbd7 7. h3 b6 8. a4 a5 9. Nbd2 Bb7 10. c3 e6 11. Bh2 Qe7 12. Nc4 Ne4 13. Nfd2 Nxd2 14. Nxd2 f5 15. Bf3 Bxf3 16. Qxf3 g5 17. e4 f4 18. Qe2 c5 19. Qd3 h5 20. f3 Qf6 21. Nb3 Rac8 22. Qb5 Rc7 23. Rad1 Rb8 24. Qe2 Qf7 25. Kh1 d5 26. Rfe1 c4 27. Nd2 h4 28. Rb1 Rbc8 29. Bg1 Nf6 30. Bf2 Nh5 31. Qd1 Ng3+ 32. Bxg3 hxg3 33. Qc2 Qg6 34. Rbd1 Bf6 35. Nb1 Rh7 36. Qe2 Kg7 37. exd5 exd5 38. Qe6 Rch8 39. Kg1 Qf7 40. Na3 Rh6 41. Qxf7+ Kxf7 42. Nb5 Bg7 43. Re2 Re6 44. Rde1 Rxe2 45. Rxe2 Rd8 46. Kf1 Bf6 47. Ke1 Rd7 48. b3 cxb3 49. Kd1 Be7 50. Kc1 Rd8 51. Kb2 Rc8 52. Kxb3 Rc6 53. Re5 Bf6 54. Re1 Bg7 55. Kc2 Bf6 56. Kd3 Bg7 57. Rc1 Bf8 58. Re1 Rc4 59. Ra1 Ke6 60. Kc2 Kd7 61. Kb3 Rc6 62. Re1 Bg7 63. Re2 Rh6 64. Kc2 g4 65. hxg4 Rh1 66. Kb2 Rf1 67. Kb3 Rf2 68. Rb2 Bf6 69. Rc2 Be7 70. Kb2 Rf1 71. Kb3 Rf2 72. Rb2 Bd8 1/2-1/2

[Event "ESP-chT CECLUB Honor"]
[Site "Linares"]
[Date "2014.09.09"]
[Round "6.1"]
[White "Cacho Reigadas, Sergio"]
[Black "Antipov, Mikhail Al"]
[Result "0-1"]
[WhiteElo "2511"]
[BlackElo "2508"]
[PlyCount "50"]
[EventDate "2014.09.04"]
[EventType "team-tourn"]
[EventRounds "7"]
[EventCountry "ESP"]
[SourceTitle "CBM 162 Extra"]
[Source "ChessBase"]
[SourceDate "2014.10.17"]
[SourceVersion "1"]
[SourceVersionDate "2014.10.17"]
[SourceQuality "1"]
[WhiteTeam "Solvay"]
[BlackTeam "Extremadura Magic"]
[WhiteTeamCountry "ESP"]
[BlackTeamCountry "ESP"]

1. d4 Nf6 2. Bf4 d5 3. e3 e6 4. Nf3 c5 5. c3 Be7 6. Nbd2 0-0 7. Bd3 b6 8. Ne5 Bb7 9. Qf3 Nc6 10. Qh3 g6 11. Bh6 Re8 12. f4 Qc8 13. Bg5 cxd4 14. exd4 Nh5 15. Qh4 Bxg5 16. Qxg5 f6 17. Qh6 fxe5 18. fxe5 Rf8 19. Nf3 Nf4 20. 0-0-0 Qd7 21. Bc2 Qg7 22. Qg5 Ba6 23. Rd2 Be2 24. Ne1 Bh5 25. Qh4 Nb8 0-1

[Event "ESP-chT CECLUB Honor"]
[Site "Linares"]
[Date "2014.09.07"]
[Round "4.3"]
[White "Gonzalez de la Torre, Santiago"]
[Black "Cacho Reigadas, Sergio"]
[Result "1-0"]
[WhiteElo "2450"]
[BlackElo "2511"]
[PlyCount "101"]
[EventDate "2014.09.04"]
[EventType "team-tourn"]
[EventRounds "7"]
[EventCountry "ESP"]
[SourceTitle "CBM 162 Extra"]
[Source "ChessBase"]
[SourceDate "2014.10.17"]
[SourceVersion "1"]
[SourceVersionDate "2014.10.17"]
[SourceQuality "1"]
[WhiteTeam "Taldea Gros Xake"]
[BlackTeam "Solvay"]
[WhiteTeamCountry "ESP"]
[BlackTeamCountry "ESP"]

1. e4 c5 2. Nf3 e6 3. d4 cxd4 4. Nxd4 a6 5. Nc3 Qc7 6. Bd3 Nf6 7. f4 d6 8. Qe2 Nbd7 9. g4 g6 10. g5 Nh5 11. Bd2 Nb6 12. 0-0-0 Bd7 13. e5 0-0-0 14. Ne4 dxe5 15. fxe5 Qxe5 16. Nf3 Qc7 17. Ba5 Nf4 18. Qf2 Nfd5 19. a3 Bg7 20. c4 Qf4+ 21. Rd2 Bc6 22. Qg3 Qxg3 23. hxg3 Ne7 24. Bxb6 Rxd3 25. Rxd3 Bxe4 26. Re3 Bc6 27. Rd1 Kb8 28. Ne5 Bxe5 29. Rxe5 Nc8 30. Rd8 Rxd8 31. Bxd8 Nd6 32. b3 Ne4 33. Bb6 Kc8 34. b4 Nd6 35. c5 Nc4 36. Re2 Nxa3 37. Rf2 Be8 38. Rh2 Nc4 39. Rxh7 Nxb6 40. cxb6 Kd7 41. Kd2 e5 42. Rh1 Kc6 43. Re1 Kd5 44. Ke3 Bb5 45. Rc1 Bc4 46. Rc2 e4 47. Rc1 Bb5 48. Rc7 Bc6 49. Kf4 Kd6 50. Rxf7 Kd5 51. Rc7 1-0

[Event "Mallorca-chT Preferente"]
[Site "Palma de Mallorca"]
[Date "2012.03.31"]
[Round "9.4"]
[White "Cacho Reigadas, Sergio"]
[Black "Minzer, Claudio Javier"]
[Result "1/2-1/2"]
[WhiteElo "2524"]
[BlackElo "2452"]
[PlyCount "84"]
[EventDate "2012.01.28"]
[EventType "team"]
[EventRounds "9"]
[EventCountry "ESP"]
[SourceTitle "EXT 2014"]
[Source "ChessBase"]
[SourceDate "2013.11.20"]
[SourceVersion "1"]
[SourceVersionDate "2013.11.20"]
[SourceQuality "1"]
[WhiteTeam "Sa Dragonera"]
[BlackTeam "Agora Megaescacs"]
[WhiteTeamCountry "ESP"]
[BlackTeamCountry "ESP"]

1. d4 Nf6 2. c4 g6 3. Nc3 Bg7 4. e4 d6 5. Nf3 0-0 6. Be2 c5 7. 0-0 cxd4 8. Nxd4 Nc6 9. Be3 Nxd4 10. Bxd4 Bd7 11. f4 Bc6 12. Bf3 a5 13. Rc1 Nd7 14. Bxg7 Kxg7 15. Qd4+ f6 16. Bg4 Qb6 17. Qxb6 Nxb6 18. Nd5 Bxd5 19. cxd5 f5 20. Bh3 fxe4 21. Be6 Na4 22. Rc7 Nc5 23. g3 Kf6 24. Bh3 h5 25. Kf2 Ra6 26. Ke3 Rb6 27. Rf2 Rb4 28. Rc2 Ra8 29. Bf1 a4 30. a3 Rb3+ 31. Kd4 Rf3 32. Bc4 Ra5 33. Rd2 b5 34. Rxc5 dxc5+ 35. Kxe4 Rxf4+ 36. Kxf4 bxc4 37. Ke4 Rb5 38. Rf2+ Kg7 39. Ke5 Rb6 40. Rc2 Kf7 41. Kf4 Kf6 42. h4 Rb3 1/2-1/2

[Event "ESP-chT Autonomicas 5th"]
[Site "Tossa de Mar"]
[Date "2010.04.30"]
[Round "3.51"]
[White "Cacho Reigadas, Sergio"]
[Black "Mascaro March, Pedro"]
[Result "1-0"]
[WhiteElo "2496"]
[BlackElo "2359"]
[PlyCount "57"]
[EventDate "2010.04.29"]
[EventType "team-swiss"]
[EventRounds "6"]
[EventCountry "ESP"]
[SourceTitle "CBM 136 Extra"]
[Source "ChessBase"]
[SourceDate "2010.07.02"]
[SourceVersion "2"]
[SourceVersionDate "2010.07.15"]
[SourceQuality "1"]
[WhiteTeam "Cantabria"]
[BlackTeam "Baleares"]
[WhiteTeamCountry "ESP"]
[BlackTeamCountry "ESP"]

1. Nf3 Nf6 2. g3 d5 3. Bg2 c6 4. b3 Bg4 5. Bb2 Nbd7 6. 0-0 e6 7. d3 Bc5 8. Nbd2 0-0 9. h3 Bxf3 10. Bxf3 Qe7 11. a3 a5 12. c3 e5 13. e4 dxe4 14. dxe4 Rfd8 15. Qc2 h5 16. b4 Ba7 17. Kg2 a4 18. c4 Bd4 19. Bxd4 exd4 20. Rae1 c5 21. b5 h4 22. Bd1 hxg3 23. f4 Nh7 24. Qd3 Kh8 25. e5 g5 26. Bc2 Nhf8 27. fxg5 Nxe5 28. Qxg3 Re8 29. Nf3 1-0

[Event "ESP-chT Autonomicas 5th"]
[Site "Tossa de Mar"]
[Date "2010.04.30"]
[Round "2.51"]
[White "Vila Gazquez, Xavier"]
[Black "Cacho Reigadas, Sergio"]
[Result "1-0"]
[WhiteElo "2456"]
[BlackElo "2496"]
[PlyCount "57"]
[EventDate "2010.04.29"]
[EventType "team-swiss"]
[EventRounds "6"]
[EventCountry "ESP"]
[SourceTitle "CBM 136 Extra"]
[Source "ChessBase"]
[SourceDate "2010.07.02"]
[SourceVersion "2"]
[SourceVersionDate "2010.07.15"]
[SourceQuality "1"]
[WhiteTeam "Catalunya II"]
[BlackTeam "Cantabria"]
[WhiteTeamCountry "ESP"]
[BlackTeamCountry "ESP"]

1. e4 g6 2. d4 Bg7 3. Nc3 c6 4. Be3 d5 5. e5 f6 6. f4 Nh6 7. Nf3 Qb6 8. Na4 Qa5+ 9. c3 Nd7 10. b4 Qc7 11. Be2 0-0 12. 0-0 b5 13. Nc5 Nxc5 14. bxc5 Rb8 15. a4 b4 16. cxb4 Rxb4 17. h3 Bf5 18. g4 Be4 19. Nd2 f5 20. Nxe4 fxe4 21. Qd2 Rfb8 22. Ra2 Nf7 23. Bd1 Qc8 24. f5 Nxe5 25. dxe5 Bxe5 26. Qf2 gxf5 27. gxf5 Kh8 28. Rd2 Qf8 29. Kh1 1-0

[Event "ESP-chT Autonomicas 5th"]
[Site "Tossa de Mar"]
[Date "2010.04.29"]
[Round "1.41"]
[White "Cacho Reigadas, Sergio"]
[Black "Salgado Lopez, Ivan"]
[Result "1-0"]
[WhiteElo "2496"]
[BlackElo "2592"]
[PlyCount "67"]
[EventDate "2010.04.29"]
[EventType "team-swiss"]
[EventRounds "6"]
[EventCountry "ESP"]
[SourceTitle "CBM 136 Extra"]
[Source "ChessBase"]
[SourceDate "2010.07.02"]
[SourceVersion "2"]
[SourceVersionDate "2010.07.15"]
[SourceQuality "1"]
[WhiteTeam "Cantabria"]
[BlackTeam "Galicia"]
[WhiteTeamCountry "ESP"]
[BlackTeamCountry "ESP"]

1. Nf3 d5 2. b3 c5 3. Bb2 f6 4. g3 e5 5. d3 Nc6 6. Bg2 Be6 7. Nbd2 Nh6 8. a3 Nf7 9. 0-0 Be7 10. c4 d4 11. b4 cxb4 12. axb4 Nxb4 13. Ne1 Qd7 14. Nc2 0-0 15. Nxb4 Bxb4 16. Ba3 a5 17. Bxb4 axb4 18. Qb3 Rxa1 19. Rxa1 b5 20. Qxb4 bxc4 21. Nxc4 Qc7 22. Ra6 Bg4 23. Qd2 h5 24. Qa2 Kh7 25. Qa3 Rb8 26. h3 Bxe2 27. Ra7 Ng5 28. f4 Rb1+ 29. Kf2 Nxh3+ 30. Bxh3 Qc6 31. Bf5+ Kh6 32. Be4 Qc8 33. Qe7 Qg4 34. Qxf6+ 1-0

[Event "ESP-ch 74th"]
[Site "Palma de Mallorca"]
[Date "2009.10.03"]
[Round "8"]
[White "Lopez Martinez, Josep Manuel"]
[Black "Cacho Reigadas, Sergio"]
[Result "0-1"]
[WhiteElo "2570"]
[BlackElo "2484"]
[PlyCount "148"]
[EventDate "2009.09.26"]
[EventType "swiss"]
[EventRounds "9"]
[EventCountry "ESP"]
[SourceTitle "CBM 132 Extra"]
[Source "ChessBase"]
[SourceDate "2009.11.03"]
[SourceVersion "1"]
[SourceVersionDate "2009.11.03"]
[SourceQuality "1"]
[WhiteTeam "Catalunya"]
[BlackTeam "Cantabria"]
[WhiteTeamCountry "ESP"]
[BlackTeamCountry "ESP"]

1. e4 g6 2. d4 Bg7 3. c4 d6 4. Nc3 e5 5. Nge2 exd4 6. Nxd4 a6 7. Be3 Nf6 8. Be2 c5 9. Nc2 Nc6 10. 0-0 0-0 11. f3 Ne8 12. Kh1 Nc7 13. Qd2 Ne6 14. Bd3 Ned4 15. Rfd1 Qa5 16. Bh6 Be6 17. Bxg7 Kxg7 18. Nxd4 Nxd4 19. Qf4 Rad8 20. Ne2 Nc6 21. Qc1 Rd7 22. Nf4 Qd8 23. Bf1 Qf6 24. b3 h5 25. Qe3 h4 26. Rac1 Rh8 27. h3 g5 28. Ne2 Ne5 29. f4 gxf4 30. Nxf4 Ng6 31. Ne2 Rh5 32. Ng1 Rg5 33. Rc2 Rg3 34. Qe1 Rd8 35. Rf2 Qe7 36. Qd2 Ne5 37. Ne2 Rd3 38. Qc2 Rxd1 39. Qxd1 Ng6 40. Ng1 Qg5 41. Nf3 Qg3 42. Rd2 Ne5 43. Ng1 Ng6 44. Be2 Kf8 45. Bh5 Nf4 46. Bf3 Ng6 47. Ne2 Qg5 48. Rxd6 Rxd6 49. Qxd6+ Qe7 50. Qd2 Kg7 51. Nc3 Qf6 52. Qe3 Qe5 53. Qd2 Kf6 54. Kg1 Qd4+ 55. Qxd4+ cxd4 56. Na4 Nf4 57. Kf2 Nd3+ 58. Ke2 Nc1+ 59. Kd2 Nxa2 60. e5+ Kxe5 61. Bxb7 Nb4 62. Nc5 a5 63. Bf3 Bc8 64. Ne4 Na6 65. Ng5 Kf6 66. Ne4+ Ke5 67. Kc1 Bf5 68. Nf2 Kf4 69. Nd1 Nc5 70. Kb2 Bxh3 71. Ka3 Bg4 72. Bxg4 Kxg4 73. b4 axb4+ 74. Kxb4 Ne6 0-1

[Event "ESP-ch 74th"]
[Site "Palma de Mallorca"]
[Date "2009.09.28"]
[Round "3"]
[White "Cacho Reigadas, Sergio"]
[Black "Mascaro March, Pedro"]
[Result "0-1"]
[WhiteElo "2484"]
[BlackElo "2369"]
[PlyCount "92"]
[EventDate "2009.09.26"]
[EventType "swiss"]
[EventRounds "9"]
[EventCountry "ESP"]
[SourceTitle "CBM 132 Extra"]
[Source "ChessBase"]
[SourceDate "2009.11.03"]
[SourceVersion "1"]
[SourceVersionDate "2009.11.03"]
[SourceQuality "1"]

1. c4 e6 2. Nc3 d5 3. d4 Nf6 4. cxd5 exd5 5. Bg5 Be7 6. e3 c6 7. Bd3 0-0 8. Qc2 Nbd7 9. Nf3 Re8 10. h3 Nf8 11. 0-0-0 Be6 12. Kb1 Rc8 13. g4 a6 14. Bxf6 Bxf6 15. Na4 Rc7 16. Rc1 g6 17. Rhg1 Bg7 18. h4 Bc8 19. g5 Ne6 20. h5 Qe7 21. Nc5 b6 22. Na4 c5 23. Nxb6 Bb7 24. dxc5 Rxc5 25. Qd2 Rb8 26. Na4 Bc6 27. h6 Bh8 28. Nxc5 Rxb2+ 29. Qxb2 Bxb2 30. Kxb2 Nxc5 31. Ka1 Nb3+ 32. Kb2 Nxc1 33. Rxc1 f6 34. Nd4 Bd7 35. Rc7 fxg5 36. Bc2 Qd8 37. Rc3 Qb8+ 38. Rb3 Qc7 39. Rc3 Qh2 40. Bb3 Qxf2+ 41. Nc2 Kf8 42. Bxd5 g4 43. Rc4 g5 44. Rc7 Ke8 45. Ra7 g3 46. Ra8+ Ke7 0-1

[Event "ESP-chT Autonomicas 4th"]
[Site "Villava"]
[Date "2009.05.03"]
[Round "6"]
[White "Gomez Esteban, Juan Mario"]
[Black "Cacho Reigadas, Sergio"]
[Result "1/2-1/2"]
[WhiteElo "2495"]
[BlackElo "2469"]
[PlyCount "113"]
[EventDate "2009.04.30"]
[EventType "tourn"]
[EventRounds "6"]
[EventCountry "ESP"]
[SourceTitle "CBM 130 Extra"]
[Source "ChessBase"]
[SourceDate "2009.07.02"]
[SourceVersion "2"]
[SourceVersionDate "2009.07.15"]
[SourceQuality "1"]

1. d4 g6 2. e4 Bg7 3. Nf3 c6 4. c3 d6 5. Bc4 Nf6 6. e5 dxe5 7. Nxe5 0-0 8. 0-0 Nbd7 9. Bf4 Nd5 10. Nxd7 Bxd7 11. Bg3 Rc8 12. Nd2 Nb6 13. Bb3 c5 14. dxc5 Rxc5 15. Ne4 Rh5 16. Qe2 Qc8 17. Rfe1 a5 18. a4 Be6 19. Qc2 Bxb3 20. Qxb3 Qc6 21. Red1 Nc4 22. Nd2 Nxd2 23. Rxd2 b5 24. h3 Bf6 25. axb5 Rxb5 26. Qa4 Qb7 27. Ra2 Rc8 28. Bf4 Kg7 29. Be3 Rb8 30. Qf4 Qc8 31. Qe4 R8b7 32. Bd4 e5 33. Be3 Qb8 34. g4 h6 35. Qc6 Bg5 36. Bxg5 hxg5 37. Qe4 Qe8 38. Rxa5 Rxb2 39. Rxb2 Rxb2 40. Rxe5 Qd8 41. Re7 Qd6 42. Qe3 Rb1+ 43. Kg2 Qd5+ 44. Qe4 Qxe4+ 45. Rxe4 Rc1 46. Rc4 f5 47. Rc6 Kf7 48. c4 Rc3 49. c5 Kg7 50. Rc8 Kf6 51. c6 Ke5 52. Re8+ Kf6 53. Rf8+ Ke5 54. gxf5 gxf5 55. Rg8 Rxc6 56. Rxg5 Kf4 57. Rg3 1/2-1/2

[Event "Cantabria-chT Honor"]
[Site "Cantabria"]
[Date "2009.02.28"]
[Round "9"]
[White "Cacho Reigadas, Sergio"]
[Black "Toledo Lopez, Francisco J"]
[Result "1-0"]
[WhiteElo "2468"]
[BlackElo "2187"]
[PlyCount "50"]
[EventDate "2008.11.08"]
[EventType "swiss"]
[EventCountry "ESP"]
[SourceTitle "EXT 2024"]
[Source "ChessBase"]
[SourceDate "2023.10.10"]
[SourceVersion "1"]
[SourceVersionDate "2023.10.10"]
[SourceQuality "1"]

1. f4 d5 2. Nf3 Nf6 3. g3 g6 4. Bg2 Bg7 5. 0-0 0-0 6. d3 c5 7. Qe1 Nc6 8. c3 Qb6 9. Kh1 Bf5 10. h3 Rae8 11. g4 Bc8 12. e4 dxe4 13. dxe4 Rd8 14. Na3 Qc7 15. Bd2 b6 16. Qe2 Qd7 17. e5 Nd5 18. Rad1 Bb7 19. Rfe1 Qc8 20. Qf2 f6 21. e6 f5 22. Ng5 fxg4 23. hxg4 Nf6 24. Qe3 h5 25. Nf7 Nxg4 1-0

[Event "Cantabria-chT Honor"]
[Site "Cantabria"]
[Date "2009.01.24"]
[Round "6"]
[White "Cacho Reigadas, Sergio"]
[Black "Mora Menezo, Jesus Manuel"]
[Result "1-0"]
[WhiteElo "2468"]
[BlackElo "2192"]
[PlyCount "22"]
[EventDate "2008.11.08"]
[EventType "swiss"]
[EventCountry "ESP"]
[SourceTitle "EXT 2024"]
[Source "ChessBase"]
[SourceDate "2023.10.10"]
[SourceVersion "1"]
[SourceVersionDate "2023.10.10"]
[SourceQuality "1"]

1. Nf3 Nf6 2. c4 c5 3. g3 Nc6 4. Bg2 e5 5. Nc3 Be7 6. 0-0 d6 7. d3 0-0 8. a3 h6 9. Rb1 Be6 10. b4 Qd7 11. Qa4 a6 1-0

[Event "ESP-chT Honor Gp2"]
[Site "Torrelavega"]
[Date "2007.06.27"]
[Round "1"]
[White "Cacho Reigadas, Sergio"]
[Black "Khamrakulov, Ibragim S"]
[Result "1-0"]
[WhiteElo "2470"]
[BlackElo "2545"]
[PlyCount "63"]
[EventDate "2007.06.27"]
[EventType "team-tourn"]
[EventRounds "5"]
[EventCountry "ESP"]
[SourceTitle "CBM 119"]
[Source "ChessBase"]
[SourceDate "2007.08.01"]
[SourceVersion "1"]
[SourceVersionDate "2007.08.01"]
[SourceQuality "1"]

1. Nf3 c5 2. g3 b6 3. Bg2 Bb7 4. 0-0 Nf6 5. d3 d5 6. Nbd2 g6 7. e4 dxe4 8. dxe4 Bg7 9. e5 Ng4 10. Qe2 0-0 11. h3 Nh6 12. Rd1 Qc8 13. Nc4 Nc6 14. Bf4 Nf5 15. c3 Nd8 16. g4 Ne6 17. Bh2 Nh6 18. Ne3 Kh8 19. Nd5 Ng8 20. Nd2 f5 21. exf6 exf6 22. Nc4 Ba6 23. Ndxb6 axb6 24. Bxa8 Re8 25. Nd6 Nh6 26. Nxc8 Bxe2 27. Nxb6 Bxd1 28. Rxd1 f5 29. Bc6 Rf8 30. f3 Nf7 31. Re1 Nfd8 32. Bd5 1-0

[Event "ESP-chT Honor Gp1"]
[Site "Olite"]
[Date "2006.09.10"]
[Round "5"]
[White "Eljanov, Pavel"]
[Black "Cacho Reigadas, Sergio"]
[Result "1-0"]
[WhiteElo "2651"]
[BlackElo "2476"]
[PlyCount "119"]
[EventDate "2006.09.05"]
[EventType "team-tourn"]
[EventRounds "5"]
[EventCountry "ESP"]
[SourceTitle "CBM 115"]
[Source "ChessBase"]
[SourceDate "2006.11.15"]
[SourceVersion "1"]
[SourceVersionDate "2006.11.15"]
[SourceQuality "1"]

1. d4 Nf6 2. c4 g6 3. Nc3 Bg7 4. e4 d6 5. h3 Na6 6. Be3 c6 7. Nf3 0-0 8. g3 Qa5 9. Nd2 e5 10. d5 Ne8 11. Bg2 c5 12. 0-0 Qd8 13. Kh1 Bd7 14. a3 b6 15. Qc2 Rb8 16. Rab1 Rb7 17. b4 Bc8 18. Na4 f5 19. f4 exf4 20. Rxf4 Rbf7 21. bxc5 bxc5 22. Rbf1 Bh6 23. R4f3 Bxe3 24. Rxe3 Qg5 25. Rff3 f4 26. gxf4 Rxf4 27. Nb2 Rxf3 28. Rxf3 Rxf3 29. Nxf3 Qg3 30. Qa4 Nac7 31. Ng1 g5 32. Qd1 g4 33. Qf1 Qxa3 34. Nd3 Qc3 35. e5 dxe5 36. Nxc5 gxh3 37. Bxh3 Bxh3 38. Nxh3 Nd6 39. Nd7 h6 40. Qf8+ Kh7 41. Qe7+ Kh8 42. Ng1 Nce8 43. Nf6 Nxf6 44. Qxf6+ Kh7 45. Qxd6 Qxc4 46. Qe7+ Kg6 47. Qe6+ Kh7 48. Qf5+ Kg7 49. Qxe5+ Kg6 50. Qe6+ Kg7 51. Ne2 Qh4+ 52. Kg2 Qf6 53. Qd7+ Qf7 54. Qc6 Qg6+ 55. Ng3 h5 56. Qc7+ Kf6 57. d6 Qf7 58. d7 Qa2+ 59. Kf3 Qa3+ 60. Kf2 1-0

[Event "Capablanca Memorial Premier I 37th"]
[Site "Havana"]
[Date "2002.05.15"]
[Round "9"]
[White "Cacho Reigadas, Sergio"]
[Black "Del Rio de Angelis, Salvador Gabriel"]
[Result "0-1"]
[WhiteElo "2469"]
[BlackElo "2495"]
[PlyCount "54"]
[EventDate "2002.05.06"]
[EventType "tourn"]
[EventRounds "11"]
[EventCountry "CUB"]
[EventCategory "9"]
[SourceTitle "CBM 088 Extra"]
[Source "ChessBase"]
[SourceDate "2002.07.01"]
[SourceVersion "2"]
[SourceVersionDate "2002.07.01"]
[SourceQuality "1"]

1. Nf3 Nf6 2. g3 d5 3. Bg2 c6 4. 0-0 Bf5 5. c4 e6 6. cxd5 exd5 7. d3 Be7 8. Nc3 0-0 9. Qc2 h6 10. e4 Bh7 11. Re1 Na6 12. a3 dxe4 13. dxe4 Nc5 14. Bf1 Nd5 15. Bd2 a5 16. Rad1 Qc8 17. Na4 Nxa4 18. Qxa4 Nf6 19. Bc1 Rd8 20. Rxd8+ Qxd8 21. Qb3 b5 22. e5 Nd5 23. Nd4 Qb6 24. Nxc6 Qxc6 25. Bg2 Rd8 26. Rd1 a4 27. Qa2 Qc2 0-1

[Event "Capablanca Memorial Premier I 37th"]
[Site "Havana"]
[Date "2002.05.14"]
[Round "8"]
[White "Alvarez Perez, Jose"]
[Black "Cacho Reigadas, Sergio"]
[Result "0-1"]
[WhiteElo "2403"]
[BlackElo "2469"]
[PlyCount "94"]
[EventDate "2002.05.06"]
[EventType "tourn"]
[EventRounds "11"]
[EventCountry "CUB"]
[EventCategory "9"]
[SourceTitle "CBM 088 Extra"]
[Source "ChessBase"]
[SourceDate "2002.07.01"]
[SourceVersion "2"]
[SourceVersionDate "2002.07.01"]
[SourceQuality "1"]

1. Nf3 Nf6 2. g3 d5 3. Bg2 c6 4. 0-0 Bf5 5. b3 e6 6. Bb2 Be7 7. d3 h6 8. Nbd2 0-0 9. c4 a5 10. a3 Na6 11. Ra2 Bh7 12. Qa1 b5 13. cxb5 cxb5 14. e4 Rc8 15. Rd1 Nc5 16. exd5 exd5 17. Bh3 Nxd3 18. Bd4 Rc6 19. Nh4 Qc7 20. Nf5 Bd8 21. Nf1 Nc5 22. Be5 Qb7 23. Nd4 Rb6 24. b4 Ncd7 25. Bf4 Ra6 26. Nd2 axb4 27. axb4 Rxa2 28. Qxa2 Bd3 29. Qa3 Bc4 30. Nf5 Bb6 31. Qf3 Qa7 32. Nxc4 bxc4 33. Ne7+ Kh8 34. Nxd5 Nxd5 35. Qxd5 Bxf2+ 36. Kh1 Nb6 37. Qd6 Re8 38. Bxh6 c3 39. Rf1 Nc4 40. Qc6 Qa8 41. Qxa8 Rxa8 42. Bf4 Be3 43. Bg2 Rd8 44. Be4 Rd4 45. Bc2 Bxf4 46. gxf4 Ne3 47. Rc1 Nxc2 0-1

[Event "Capablanca Memorial Premier I 37th"]
[Site "Havana"]
[Date "2002.05.07"]
[Round "2"]
[White "Cacho Reigadas, Sergio"]
[Black "Gretarsson, Helgi Ass"]
[Result "1-0"]
[WhiteElo "2469"]
[BlackElo "2521"]
[PlyCount "69"]
[EventDate "2002.05.06"]
[EventType "tourn"]
[EventRounds "11"]
[EventCountry "CUB"]
[EventCategory "9"]
[SourceTitle "CBM 088 Extra"]
[Source "ChessBase"]
[SourceDate "2002.07.01"]
[SourceVersion "2"]
[SourceVersionDate "2002.07.01"]
[SourceQuality "1"]

1. Nf3 d5 2. g3 Nc6 3. Bg2 e5 4. 0-0 Nf6 5. d4 e4 6. Ne5 Bd6 7. Nxc6 bxc6 8. c4 h6 9. Nc3 0-0 10. Qa4 Bd7 11. Qa5 Be6 12. c5 Be7 13. f3 Ne8 14. Be3 exf3 15. exf3 Qd7 16. Qa6 g5 17. Rae1 Ng7 18. Bf2 Rfe8 19. Re2 Bf5 20. Rfe1 Ne6 21. Qa4 Bf6 22. f4 Red8 23. fxg5 hxg5 24. Be3 Bg7 25. Rf2 Bg6 26. h4 gxh4 27. gxh4 Qe8 28. Qd1 Qf8 29. Qg4 Bh7 30. Ref1 f5 31. Rxf5 Bxf5 32. Rxf5 Qe7 33. Re5 Kf7 34. Bg5 Bf6 35. Qh5+ 1-0